[Event "AUT_chT 2012/13"]
[Site "Hohenems"]
[Date "2013.01.19"]
[Round "6"]
[Board "1"]
[White "Balogh, Csaba"]
[Black "Ragger, Markus"]
[Result "1/2-1/2"]
[WhiteElo "2641"]
[BlackElo "2655"]
[PlyCount "186"]
[EventDate "2012.11.02"]
[EventType "team"]
[EventRounds "11"]
[EventCountry "AUT"]
[WhiteTeam "SK Advisory Invest Baden"]
[BlackTeam "SK MPOE Maria Saal"]

1. e4 e5 2. Nf3 Nc6 3. Bb5 a6 4. Ba4 Nf6 5. O-O Be7 6. d3 b5 
7. Bb3 d6 8. a3 O-O 9. Nbd2 h6 10. Re1 Be6 11. Bxe6 fxe6 12. c3 Qe8 
13. d4 Nh5 14. dxe5 Nxe5 15. Nxe5 dxe5 16. Nf3 Bd6 17. b4 a5 18. Be3 Nf6 
19. Nd2 Qe7 20. Qe2 Rfb8 21. Nb3 a4 22. Nc5 Bxc5 23. Bxc5 Qe8 24. c4 Nd7 
25. Be3 c6 26. cxb5 cxb5 27. Rac1 Ra6 28. Rc7 Nf6 29. Rec1 Rd6 30. h3 Rbd8 
31. Rb7 Rd3 32. Rcc7 Qg6 33. Rxg7+ Qxg7 34. Rxg7+ Kxg7 35. Qb2 Rd1+ 36. Kh2 R1d4 
37. Qc1 Rxe4 38. Bxh6+ Kf7 39. Bg5 Re2 40. Bxf6 Kxf6 41. Qh6+ Ke7 42. Qg7+ Ke8 
43. Qf6 Rdd2 44. Qxe6+ Kf8 45. Qf5+ Ke7 46. Qg5+ Ke6 47. Qg8+ Kf6 48. f3 Ra2 
49. h4 Rxa3 50. h5 Raa2 51. Qg6+ Ke7 52. Qg7+ Kd6 53. h6 Rxg2+ 54. Qxg2 Rxg2+ 
55. Kxg2 a3 56. h7 a2 57. h8=Q a1=Q 58. Qb8+ Ke6 59. Qxb5 Qb2+ 60. Kg3 Qb1 
61. Qc4+ Kf6 62. Qh4+ Ke6 63. Qe4 Qg1+ 64. Kh3 Qh1+ 65. Kg4 Qg1+ 66. Kh5 Qh1+ 
67. Kg5 Qc1+ 68. Kg6 Qg1+ 69. Kh6 Kf6 70. Qh4+ Kf5 71. Qh5+ Kf6 72. Qh4+ Kf5 
73. Qe4+ Kf6 74. Qc6+ Kf7 75. Qd7+ Kf6 76. Qd6+ Kf7 77. Qd7+ Kf6 78. Qd8+ Kf5 
79. Qf8+ Ke6 80. Kh7 Qb1+ 81. Kg8 Qg6+ 82. Kh8 e4 83. Qc8+ Ke5 84. Qc7+ Kd4 
85. Qc5+ Kd3 86. Qd5+ Ke3 87. fxe4 Qxe4 88. Qc5+ Kf4 89. Qf2+ Ke5 90. b5 Kd5 
91. b6 Kc6 92. Qf6+ Kb7 93. Qg6 Qxg6 1/2-1/2

[Event "AUT_chT 2012/13"]
[Site "Hohenems"]
[Date "2013.01.19"]
[Round "6"]
[Board "2"]
[White "Buhmann, Rainer"]
[Black "Socko, Bartosz"]
[Result "0-1"]
[WhiteElo "2593"]
[BlackElo "2633"]
[PlyCount "92"]
[EventDate "2012.11.02"]
[EventType "team"]
[EventRounds "11"]
[EventCountry "AUT"]
[WhiteTeam "SK MPOE Maria Saal"]
[BlackTeam "SK Advisory Invest Baden"]

1. Nf3 Nf6 2. c4 e6 3. g3 d5 4. d4 dxc4 5. Bg2 Bb4+ 6. Bd2 c5 
7. Qc1 Bxd2+ 8. Nbxd2 cxd4 9. Nxc4 O-O 10. O-O Nc6 11. Rd1 Re8 12. Nfe5 Nxe5 
13. Nxe5 Qb6 14. Qd2 Rd8 15. Rac1 Qb5 16. Qf4 Qxb2 17. Rc7 Rf8 18. Rxd4 Nd5 
19. Rxd5 exd5 20. Bxd5 Be6 21. Bxe6 fxe6 22. Rf7 h6 23. g4 Qxe2 24. Kg2 Qc2 
25. h4 Qc7 26. Rxc7 Rxf4 27. f3 b5 28. Kg3 Rff8 29. g5 h5 30. Ng6 Rf7 
31. Ne7+ Kf8 32. Ng6+ Ke8 33. Rc6 Rb7 34. Rxe6+ Kf7 35. Nf4 Rb6 36. g6+ Kg8 
37. Re5 Rf8 38. Rxh5 Rbf6 39. Nd5 Rxg6+ 40. Kf2 Rh6 41. Rg5 Rf7 42. h5 Ra6 
43. Nb4 Ra3 44. Rxb5 Raxf3+ 45. Ke2 R3f5 46. Nd5 Rd7 0-1

[Event "AUT_chT 2012/13"]
[Site "Hohenems"]
[Date "2013.01.19"]
[Round "6"]
[Board "3"]
[White "Shengelia, David"]
[Black "Pavasovic, Dusko"]
[Result "1/2-1/2"]
[WhiteElo "2529"]
[BlackElo "2557"]
[PlyCount "61"]
[EventDate "2012.11.02"]
[EventType "team"]
[EventRounds "11"]
[EventCountry "AUT"]
[WhiteTeam "SK Advisory Invest Baden"]
[BlackTeam "SK MPOE Maria Saal"]

1. d4 d5 2. Nf3 Nf6 3. c4 e6 4. e3 c5 5. cxd5 exd5 6. Bb5+ Bd7 
7. Bxd7+ Nbxd7 8. dxc5 Nxc5 9. O-O Be7 10. Bd2 O-O 11. Bc3 Nfe4 12. Bd4 Bf6 
13. Nc3 Nxc3 14. bxc3 b6 15. Rc1 Rc8 16. c4 Bxd4 17. Nxd4 Qd7 18. cxd5 Qxd5 
19. Nb3 Qxd1 20. Rfxd1 Nxb3 21. axb3 Rfd8 22. Rxd8+ Rxd8 23. Kf1 g6 24. Rc7 Rd3 
25. Rxa7 Rxb3 26. g4 h6 27. Kg2 Kg7 28. h4 Kf6 29. g5+ hxg5 30. hxg5+ Ke6 
31. Rb7 1/2-1/2

[Event "AUT_chT 2012/13"]
[Site "Hohenems"]
[Date "2013.01.19"]
[Round "6"]
[Board "4"]
[White "Kreisl, Robert"]
[Black "Jankovic, Alojzije"]
[Result "1-0"]
[WhiteElo "2410"]
[BlackElo "2538"]
[PlyCount "47"]
[EventDate "2012.11.02"]
[EventType "team"]
[EventRounds "11"]
[EventCountry "AUT"]
[WhiteTeam "SK MPOE Maria Saal"]
[BlackTeam "SK Advisory Invest Baden"]

1. Nf3 d5 2. d4 Bf5 3. c4 e6 4. Nc3 Nf6 5. e3 Nc6 6. Qa4 Qd7 
7. c5 Nd8 8. Qb3 h6 9. Be2 c6 10. O-O Qc7 11. Bd2 Nd7 12. Rac1 Be7 
13. Rfe1 O-O 14. h3 b6 15. cxb6 axb6 16. Bf1 Qa7 17. a3 Nb7 18. e4 dxe4 
19. Nxe4 Rac8 20. Ng3 Nd6 21. Ne5 c5 22. Qf3 Bg5 23. Bxg5 hxg5 24. Nc6 1-0

[Event "AUT_chT 2012/13"]
[Site "Hohenems"]
[Date "2013.01.19"]
[Round "6"]
[Board "5"]
[White "Tuncer, Ufuk"]
[Black "Handler, Lukas"]
[Result "0-1"]
[WhiteElo "2313"]
[BlackElo "2384"]
[PlyCount "138"]
[EventDate "2012.11.02"]
[EventType "team"]
[EventRounds "11"]
[EventCountry "AUT"]
[WhiteTeam "SK Advisory Invest Baden"]
[BlackTeam "SK MPOE Maria Saal"]

1. e4 e5 2. Nf3 Nc6 3. Bb5 a6 4. Ba4 Nf6 5. O-O Be7 6. Re1 b5 
7. Bb3 d6 8. a3 O-O 9. d3 h6 10. Nbd2 Re8 11. Nf1 Bf8 12. Ng3 Be6 
13. Bxe6 Rxe6 14. c3 d5 15. Qc2 Qd7 16. b4 Rd8 17. Bb2 dxe4 18. dxe4 a5 
19. a4 axb4 20. axb5 Ne7 21. c4 Ng6 22. h4 h5 23. Red1 Rd6 24. Rd5 Nxd5 
25. exd5 Qg4 26. Re1 Nxh4 27. Nxe5 Qc8 28. Qe4 Ng6 29. Nc6 Qg4 30. Qxg4 hxg4 
31. Nxd8 Rxd8 32. Bd4 Nf4 33. Be3 Nd3 34. Rb1 Ra8 35. b6 cxb6 36. Bxb6 Rc8 
37. Nf5 Rxc4 38. Ne3 Rc1+ 39. Rxc1 Nxc1 40. Nc4 b3 41. Kf1 Bb4 42. Bd4 Kf8 
43. Nb2 f6 44. g3 Ke7 45. Be3 Na2 46. Ke2 Bc3 47. Bc5+ Kd7 48. Nc4 b2 
49. Na3 Be5 50. Kd2 Nc3 51. Kc2 Ne4 52. Be3 Kd6 53. Nc4+ Kxd5 54. Nxb2 Bxb2 
55. Kxb2 Nd6 56. Kc2 Ke4 57. Kd1 Kf3 58. Ke1 Kg2 59. Ke2 Ne4 60. Bd4 f5 
61. Ba7 Ng5 62. Bd4 g6 63. Bf6 Nh3 64. Bd4 g5 65. Bb6 f4 66. gxf4 gxf4 
67. Ke1 f3 68. Be3 Nxf2 69. Bxf2 g3 0-1

[Event "AUT_chT 2012/13"]
[Site "Hohenems"]
[Date "2013.01.19"]
[Round "6"]
[Board "1"]
[White "Antoniewski, Rafal"]
[Black "Baramidze, David"]
[Result "1/2-1/2"]
[WhiteElo "2557"]
[BlackElo "2612"]
[PlyCount "61"]
[EventDate "2012.11.02"]
[EventType "team"]
[EventRounds "11"]
[EventCountry "AUT"]
[WhiteTeam "ASVOE Wulkaprodersdorf"]
[BlackTeam "SK Hohenems"]

1. e4 e5 2. Nf3 Nc6 3. Bb5 a6 4. Ba4 Nf6 5. O-O Be7 6. d3 b5 
7. Bb3 d6 8. a3 O-O 9. Re1 h6 10. Nbd2 Re8 11. Nf1 Be6 12. Bxe6 fxe6 
13. c3 Qd7 14. Ng3 a5 15. a4 b4 16. c4 d5 17. cxd5 exd5 18. Be3 Bd6 
19. exd5 Ne7 20. Ne4 Nfxd5 21. Qb3 Kh8 22. Nfd2 c6 23. Nc4 Bc7 24. Qd1 Nf5 
25. Qg4 Qf7 26. Ng3 Nxg3 27. hxg3 e4 28. dxe4 Nf6 29. Qe2 Rxe4 30. Nd2 Re6 
31. Qc4 1/2-1/2

[Event "AUT_chT 2012/13"]
[Site "Hohenems"]
[Date "2013.01.19"]
[Round "6"]
[Board "3"]
[White "Maksimenko, Andrei"]
[Black "Braun, Arik"]
[Result "1/2-1/2"]
[WhiteElo "2543"]
[BlackElo "2556"]
[PlyCount "99"]
[EventDate "2012.11.02"]
[EventType "team"]
[EventRounds "11"]
[EventCountry "AUT"]
[WhiteTeam "ASVOE Wulkaprodersdorf"]
[BlackTeam "SK Hohenems"]

1. Nf3 Nf6 2. c4 c6 3. Nc3 d5 4. d4 e6 5. Bg5 h6 6. Bxf6 Qxf6 
7. e3 Nd7 8. Bd3 g6 9. O-O Bg7 10. e4 dxc4 11. e5 Qe7 12. Bxc4 O-O 
13. Re1 Rd8 14. Bd3 b6 15. Qe2 Bb7 16. Be4 Rac8 17. h4 Nb8 18. Rad1 Ba6 
19. Qe3 Bc4 20. g3 Bd5 21. Nxd5 cxd5 22. Bb1 Kf8 23. Rc1 Qb4 24. Rxc8 Rxc8 
25. Rc1 Rc6 26. Rxc6 Nxc6 27. Qc3 Qxc3 28. bxc3 b5 29. Kf1 Ke7 30. Ke2 Kd7 
31. Ne1 Bf8 32. Nd3 Kc7 33. Nf4 Ba3 34. Kd2 a5 35. Bd3 b4 36. Bb5 Bb2 
37. cxb4 Bxd4 38. Nd3 axb4 39. f4 Bc3+ 40. Ke3 h5 41. Kf2 Kb6 42. Ba4 Bd4+ 
43. Kf3 Bc5 44. Kg2 Bf8 45. Kf1 Be7 46. Kf2 Kc7 47. Ke3 Kb6 48. Kf2 Bd8 
49. Ke3 Be7 50. Kf2 1/2-1/2

[Event "AUT_chT 2012/13"]
[Site "Hohenems"]
[Date "2013.01.19"]
[Round "6"]
[Board "4"]
[White "Bindrich, Falko"]
[Black "Polzin, Rainer"]
[Result "1/2-1/2"]
[WhiteElo "2559"]
[BlackElo "2465"]
[PlyCount "59"]
[EventDate "2012.11.02"]
[EventType "team"]
[EventRounds "11"]
[EventCountry "AUT"]
[WhiteTeam "SK Hohenems"]
[BlackTeam "ASVOE Wulkaprodersdorf"]

1. Nf3 Nf6 2. c4 c5 3. g3 Nc6 4. Bg2 d6 5. Nc3 g6 6. a3 Bg7 
7. Rb1 a5 8. O-O O-O 9. d3 Ne8 10. Bd2 Nc7 11. Ne1 Bd7 12. Nc2 Rb8 
13. b4 axb4 14. axb4 Nxb4 15. Nxb4 cxb4 16. Rxb4 b5 17. cxb5 Nxb5 18. Nxb5 Rxb5 
19. Rxb5 Bxb5 20. Qb3 Qd7 21. Rc1 e6 22. Bb4 Rb8 23. Ba5 d5 24. e4 Ra8 
25. Bd2 dxe4 26. Bxe4 Ra1 27. Rxa1 Bxa1 28. Qa3 Bg7 29. Qa8+ Qe8 30. Qxe8+ 1/2-1/2

[Event "AUT_chT 2012/13"]
[Site "Hohenems"]
[Date "2013.01.19"]
[Round "6"]
[Board "5"]
[White "Schneider, Ilja"]
[Black "Atlas, Valery"]
[Result "1-0"]
[WhiteElo "2492"]
[BlackElo "2448"]
[PlyCount "141"]
[EventDate "2012.11.02"]
[EventType "team"]
[EventRounds "11"]
[EventCountry "AUT"]
[WhiteTeam "ASVOE Wulkaprodersdorf"]
[BlackTeam "SK Hohenems"]

1. g3 Nf6 2. Bg2 e6 3. c4 d5 4. d4 Bb4+ 5. Bd2 Be7 6. Nf3 O-O 
7. O-O c6 8. Qb3 Nbd7 9. Rc1 Nb6 10. Ba5 dxc4 11. Qd1 Qd5 12. Bc3 Qb5 
13. a4 Qa6 14. Nbd2 Nbd5 15. Ne5 Nxc3 16. bxc3 Nd7 17. Nexc4 Nb6 18. Qb3 Nxc4 
19. Nxc4 Bd7 20. e3 b6 21. a5 b5 22. Ne5 Be8 23. c4 Rc8 24. Bf1 Rb8 
25. Nd3 Bd6 26. cxb5 cxb5 27. Nb4 Qb7 28. Bg2 Qe7 29. Na6 Rd8 30. Nc5 Rc8 
31. Rc2 e5 32. Rac1 Rc7 33. a6 h6 34. h4 Kh8 35. Ne4 Rxc2 36. Rxc2 exd4 
37. exd4 Bd7 38. Qd5 Bb8 39. Nc5 Bg4 40. Qe4 Qxe4 41. Bxe4 f5 42. Nd7 Rd8 
43. Nxb8 fxe4 44. Nc6 Rd6 45. Ne5 Be6 46. Rc6 Rxc6 47. Nxc6 Bc8 48. Nxa7 Bxa6 
49. d5 Kg8 50. d6 Kf7 51. d7 Ke7 52. Nc6+ Kxd7 53. Nb8+ Kc7 54. Nxa6+ Kb6 
55. Nb4 Kc5 56. Nc2 Kc4 57. Kf1 Kd3 58. Nb4+ Kc4 59. Nc6 Kd3 60. Nb4+ Kc4 
61. Nc6 Kd3 62. Kg2 h5 63. g4 hxg4 64. Kg3 e3 65. fxe3 Kxe3 66. Na7 b4 
67. Nc6 b3 68. Na5 b2 69. Nc4+ Ke4 70. Nxb2 Kf5 71. Nd1 1-0

[Event "AUT_chT 2012/13"]
[Site "Hohenems"]
[Date "2013.01.19"]
[Round "6"]
[Board "6"]
[White "Froewis, Georg"]
[Black "Thiede, Lars"]
[Result "0-1"]
[WhiteElo "2409"]
[BlackElo "2441"]
[PlyCount "48"]
[EventDate "2012.11.02"]
[EventType "team"]
[EventRounds "11"]
[EventCountry "AUT"]
[WhiteTeam "SK Hohenems"]
[BlackTeam "ASVOE Wulkaprodersdorf"]

1. e4 e5 2. Nc3 Nc6 3. f4 Bc5 4. Nf3 d6 5. Na4 Bg4 6. Bb5 Nge7 
7. Nxc5 dxc5 8. h3 Bxf3 9. Qxf3 O-O 10. Bxc6 Nxc6 11. d3 f5 12. O-O exf4 
13. Bxf4 Nd4 14. Qd1 fxe4 15. c3 Nf3+ 16. gxf3 Rxf4 17. dxe4 Qg5+ 18. Kh2 Raf8 
19. Qe2 Qe5 20. Kg2 R4f6 21. Rad1 Rg6+ 22. Kh1 Rg3 23. Qh2 Qf4 24. Rd7 Qh4 
0-1

[Event "AUT_chT 2012/13"]
[Site "Hohenems"]
[Date "2013.01.19"]
[Round "6"]
[Board "4"]
[White "Moser, Guenter"]
[Black "Juhasz, Kristof"]
[Result "1/2-1/2"]
[WhiteElo "2356"]
[BlackElo "2331"]
[PlyCount "59"]
[EventDate "2012.11.02"]
[EventType "team"]
[EventRounds "11"]
[EventCountry "AUT"]
[WhiteTeam "Club 7 Ansfelden"]
[BlackTeam "SK Husek Wien"]

1. d4 Nf6 2. c4 g6 3. Nc3 d5 4. Bf4 Bg7 5. e3 c5 6. dxc5 Qa5 
7. Rc1 dxc4 8. Nf3 O-O 9. Bxc4 Qxc5 10. Qe2 Bg4 11. O-O Bxf3 12. gxf3 Nh5 
13. Bg3 Nxg3 14. hxg3 e6 15. Ne4 Qb6 16. Rc2 Nc6 17. a3 Rfd8 18. f4 Rac8 
19. Rfc1 Ne7 20. b4 a5 21. b5 Nf5 22. Bd3 Rxc2 23. Rxc2 Bf8 24. a4 Bb4 
25. Kg2 Nd6 26. Ng5 Rc8 27. Qd1 Rxc2 28. Bxc2 Qc5 29. Nf3 Qc3 30. Qd3 1/2-1/2

[Event "AUT_chT 2012/13"]
[Site "Hohenems"]
[Date "2013.01.19"]
[Round "6"]
[Board "5"]
[White "Wallner, Joachim"]
[Black "Ennsberger, Ulrich"]
[Result "1/2-1/2"]
[WhiteElo "2378"]
[BlackElo "2368"]
[PlyCount "77"]
[EventDate "2012.11.02"]
[EventType "team"]
[EventRounds "11"]
[EventCountry "AUT"]
[WhiteTeam "SK Husek Wien"]
[BlackTeam "Club 7 Ansfelden"]

1. b3 e5 2. Bb2 Nc6 3. e3 Nf6 4. Bb5 Bd6 5. Na3 a6 6. Bxc6 dxc6 
7. Nc4 Qe7 8. Nf3 Bg4 9. Bxe5 Bxf3 10. Bxd6 cxd6 11. Qxf3 d5 12. Nb2 Ne4 
13. Qe2 Qc5 14. Qd3 O-O 15. O-O Qa3 16. Rfb1 Rfe8 17. f3 Nf6 18. Qd4 Qe7 
19. Nd3 a5 20. a4 Qd8 21. c3 b6 22. b4 Re7 23. bxa5 c5 24. Qf4 Rxa5 
25. Rb5 Rea7 26. Rxa5 Rxa5 27. Rb1 h6 28. Rb5 Rxb5 29. axb5 Qa8 30. Kf2 Qa5 
31. Qb8+ Kh7 32. Ne5 Qxb5 33. Nxf7 Qb2 34. Ke2 Qb5+ 35. Kf2 Qb2 36. Ke1 Qb1+ 
37. Ke2 Qb5+ 38. Kf2 Qb2 39. Ke2 1/2-1/2

[Event "AUT_chT 2012/13"]
[Site "Hohenems"]
[Date "2013.01.19"]
[Round "6"]
[Board "3"]
[White "Feher, Adam"]
[Black "Skoberne, Jure"]
[Result "1/2-1/2"]
[WhiteElo "2380"]
[BlackElo "2543"]
[PlyCount "61"]
[EventDate "2012.11.02"]
[EventType "team"]
[EventRounds "11"]
[EventCountry "AUT"]
[WhiteTeam "SK Sparkasse Fuerstenfeld"]
[BlackTeam "SV Raika Rapid Feffernitz"]

1. e4 d6 2. d4 Nf6 3. Nc3 g6 4. Be3 c6 5. Qd2 Nbd7 6. Nf3 Qa5 
7. h3 Bg7 8. Bd3 e5 9. O-O O-O 10. Bh6 Re8 11. dxe5 dxe5 12. a3 Qc7 
13. Bc4 Nb6 14. Ba2 Be6 15. Bxe6 Rxe6 16. Bxg7 Kxg7 17. b3 a5 18. Qe3 a4 
19. Rfd1 Nfd7 20. Ne1 Rd6 21. Nd3 Rd8 22. Nc5 Nxc5 23. Qxc5 Rxd1+ 24. Rxd1 Rxd1+ 
25. Nxd1 axb3 26. cxb3 Nc8 27. Ne3 Qd6 28. Qc3 Nb6 29. a4 h5 30. a5 Nd7 
31. Nc4 1/2-1/2

[Event "AUT_chT 2012/13"]
[Site "Hohenems"]
[Date "2013.01.19"]
[Round "6"]
[Board "4"]
[White "Zorko, Jure"]
[Black "Radnetter, Georg"]
[Result "1-0"]
[WhiteElo "2464"]
[BlackElo "2278"]
[PlyCount "59"]
[EventDate "2012.11.02"]
[EventType "team"]
[EventRounds "11"]
[EventCountry "AUT"]
[WhiteTeam "SV Raika Rapid Feffernitz"]
[BlackTeam "SK Sparkasse Fuerstenfeld"]

1. Nf3 Nf6 2. c4 c5 3. g3 g6 4. Bg2 Bg7 5. O-O O-O 6. d4 cxd4 
7. Nxd4 Nc6 8. Nc2 d6 9. Nc3 Be6 10. b3 Qd7 11. Re1 Rfd8 12. e4 Bh3 
13. Bh1 Ng4 14. Bb2 a6 15. Bg2 Bxg2 16. Kxg2 b5 17. h3 b4 18. Na4 Bxb2 
19. Nxb2 Nf6 20. f4 e5 21. Nd3 a5 22. Qf3 Qa7 23. Rad1 Nd7 24. f5 Kg7 
25. Nf2 Qc7 26. Ng4 f6 27. Qe3 g5 28. h4 h5 29. Nxf6 Nxf6 30. Qxg5+ 1-0

[Event "AUT_chT 2012/13"]
[Site "Hohenems"]
[Date "2013.01.19"]
[Round "6"]
[Board "1"]
[White "Hracek, Zbynek"]
[Black "Luther, Thomas"]
[Result "1/2-1/2"]
[WhiteElo "2615"]
[BlackElo "2535"]
[PlyCount "59"]
[EventDate "2012.11.02"]
[EventType "team"]
[EventRounds "11"]
[EventCountry "AUT"]
[WhiteTeam "SK Zwettl"]
[BlackTeam "SK Absam"]

1. d4 e6 2. c4 Nf6 3. Nf3 d5 4. g3 dxc4 5. Bg2 a6 6. O-O Nc6 
7. Bg5 h6 8. Bxf6 Qxf6 9. e3 Bd6 10. Nfd2 e5 11. d5 Ne7 12. Nxc4 h5 
13. h3 Qg6 14. Nbd2 h4 15. g4 f5 16. Nf3 e4 17. Nfe5 Qf6 18. f4 exf3 
19. Nxf3 fxg4 20. Nfe5 Bf5 21. Nxg4 Qg5 22. Nxd6+ cxd6 23. Qa4+ b5 24. Qf4 Qxf4 
25. Rxf4 Rc8 26. e4 Bxg4 27. Rxg4 g6 28. Rf1 Kd7 29. Rf6 Rc1+ 30. Kh2 1/2-1/2

[Event "AUT_chT 2012/13"]
[Site "Hohenems"]
[Date "2013.01.19"]
[Round "6"]
[Board "2"]
[White "Rotstein, Arkadij"]
[Black "Polak, Thomas"]
[Result "0-1"]
[WhiteElo "2506"]
[BlackElo "2520"]
[PlyCount "138"]
[EventDate "2012.11.02"]
[EventType "team"]
[EventRounds "11"]
[EventCountry "AUT"]
[WhiteTeam "SK Absam"]
[BlackTeam "SK Zwettl"]

1. g3 e5 2. Bg2 Nc6 3. c4 Nf6 4. Nc3 Bb4 5. b3 Bxc3 6. dxc3 O-O 
7. e4 d6 8. Ne2 h6 9. h3 Re8 10. Be3 a5 11. O-O Qe7 12. g4 Nd8 
13. Ng3 Ne6 14. Nf5 Qf8 15. Qd2 g5 16. Bf3 Nf4 17. Bxf4 gxf4 18. Kh2 Bxf5 
19. exf5 e4 20. Bd1 f3 21. Bc2 Kh7 22. Rg1 Qg7 23. Rae1 Re5 24. h4 Nxg4+ 
25. Kh3 Rg8 26. Bxe4 Rxe4 27. Rxe4 Nxf2+ 28. Qxf2 Qxg1 29. Qxf3 Rg3+ 30. Qxg3 Qh1+ 
31. Qh2 Qxe4 32. Qf2 Qd3+ 33. Kg4 Qxc3 34. Qa7 Qg7+ 35. Kh3 Qe5 36. Qxb7 Qxf5+ 
37. Kg3 Qd3+ 38. Kf4 Qd4+ 39. Kf3 Qc5 40. Qe4+ Kg7 41. Qg4+ Kf6 42. Qg8 Qf5+ 
43. Ke3 Ke7 44. Qb8 Kd7 45. Qf8 h5 46. Kd2 Qf6 47. Kc2 Qe7 48. Qg8 d5 
49. Qa8 Qe4+ 50. Kc1 Qf4+ 51. Kc2 Qf5+ 52. Kc3 Qe5+ 53. Kc2 dxc4 54. bxc4 f5 
55. Kb3 Qe3+ 56. Kb2 Qd2+ 57. Kb1 Qb4+ 58. Ka1 Qxc4 59. a3 Qc3+ 60. Ka2 Qe5 
61. Qf8 f4 62. Qf7+ Kc8 63. Kb3 Kb7 64. Ka4 Kb6 65. Qe6+ Qd6 66. Qb3+ Ka7 
67. Qf3 Qd4+ 68. Kxa5 Qb6+ 69. Ka4 c6 0-1

[Event "AUT_chT 2012/13"]
[Site "Hohenems"]
[Date "2013.01.19"]
[Round "6"]
[Board "3"]
[White "Krejci, Jan"]
[Black "Dizdar, Goran"]
[Result "0-1"]
[WhiteElo "2514"]
[BlackElo "2491"]
[PlyCount "113"]
[EventDate "2012.11.02"]
[EventType "team"]
[EventRounds "11"]
[EventCountry "AUT"]
[WhiteTeam "SK Zwettl"]
[BlackTeam "SK Absam"]

1. d4 Nf6 2. c4 e6 3. Nc3 Bb4 4. e3 O-O 5. Nge2 d5 6. a3 Be7 
7. cxd5 exd5 8. Ng3 Re8 9. b4 c6 10. Bd3 a5 11. b5 Nbd7 12. O-O c5 
13. Ra2 cxd4 14. exd4 Nb6 15. Nf5 Bxf5 16. Bxf5 g6 17. Bh3 Bf8 18. Bg5 Qd6 
19. g3 Ne4 20. Nxe4 dxe4 21. Rc2 Qd5 22. Bc1 Nc4 23. a4 Rad8 24. Qe2 Nb6 
25. Be3 Bb4 26. Ra1 Qb3 27. Rc7 Nxa4 28. Rxb7 Qd5 29. Ra7 Nc3 30. Qb2 Nxb5 
31. R1xa5 Bxa5 32. Rxa5 Rb8 33. Bf1 Nc7 34. Qc3 Qd7 35. Bc4 Nb5 36. Qa1 Rec8 
37. Bf1 Nc3 38. Rc5 Nd5 39. Bh6 Ra8 40. Qb1 Nc3 41. Qb6 Qe6 42. Qb4 Nd5 
43. Qb7 Nf6 44. Bc4 Qd7 45. Qb6 Ng4 46. Bf4 Rxc5 47. Qxc5 Rc8 48. Bb5 Qb7 
49. Qg5 h5 50. h3 e3 51. hxg4 Rc1+ 52. Bf1 Qa6 53. Qd8+ Kh7 54. Kg2 Qxf1+ 
55. Kf3 Qxf2+ 56. Ke4 e2 57. Kd5 0-1

[Event "AUT_chT 2012/13"]
[Site "Hohenems"]
[Date "2013.01.19"]
[Round "6"]
[Board "4"]
[White "Wegerle, Joerg"]
[Black "Bernasek, Jan"]
[Result "1/2-1/2"]
[WhiteElo "2427"]
[BlackElo "2506"]
[PlyCount "86"]
[EventDate "2012.11.02"]
[EventType "team"]
[EventRounds "11"]
[EventCountry "AUT"]
[WhiteTeam "SK Absam"]
[BlackTeam "SK Zwettl"]

1. c4 c5 2. g3 Nc6 3. Bg2 g6 4. Nc3 Bg7 5. e3 Bxc3 6. dxc3 d6 
7. e4 Be6 8. b3 Qd7 9. h3 f5 10. exf5 Bxf5 11. g4 Be6 12. Nf3 O-O-O 
13. Ng5 Nf6 14. Nxe6 Qxe6+ 15. Qe2 Qxe2+ 16. Kxe2 h5 17. Bg5 Kc7 18. Bxf6 exf6 
19. f4 g5 20. Bxc6 Kxc6 21. Kf3 Rd7 22. Rag1 Rdh7 23. gxh5 Rxh5 24. Rg3 Rh4 
25. fxg5 fxg5 26. Kg2 Rg8 27. Re1 g4 28. Rxg4 Rhxg4+ 29. hxg4 Rxg4+ 30. Kf3 Rh4 
31. Ke3 Rh2 32. Re2 Rh1 33. Kd3 Ra1 34. b4 a6 35. Rh2 Kb6 36. Rb2 Kc6 
37. Rh2 b5 38. bxc5 dxc5 39. Rh6+ Kb7 40. cxb5 axb5 41. Rh7+ Kb6 42. Rh6+ Ka5 
43. Rh8 Kb6 1/2-1/2

[Event "AUT_chT 2012/13"]
[Site "Hohenems"]
[Date "2013.01.19"]
[Round "6"]
[Board "5"]
[White "Blatny, Pavel"]
[Black "De Francesco, Klaus"]
[Result "1-0"]
[WhiteElo "2420"]
[BlackElo "2236"]
[PlyCount "78"]
[EventDate "2012.11.02"]
[EventType "team"]
[EventRounds "11"]
[EventCountry "AUT"]
[WhiteTeam "SK Zwettl"]
[BlackTeam "SK Absam"]

1. d4 e6 2. Nf3 Nf6 3. Bf4 c5 4. c3 b6 5. e3 Bb7 6. Nbd2 Be7 
7. Bd3 Nh5 8. Bg3 Nxg3 9. hxg3 h6 10. Qe2 Nc6 11. g4 d6 12. O-O-O Qc7 
13. g5 O-O-O 14. gxh6 Rxh6 15. Rxh6 gxh6 16. Kb1 Rg8 17. g3 Kb8 18. Rh1 Bf8 
19. Rh5 Qe7 20. Ba6 Qf6 21. Rh1 Bxa6 22. Qxa6 Qg6+ 23. Kc1 cxd4 24. exd4 Be7 
25. Qb5 Rc8 26. Qh5 Qd3 27. Ne1 Qa6 28. Kb1 e5 29. d5 Nd8 30. Qf3 f5 
31. Qxf5 Qe2 32. Kc2 Nb7 33. Nd3 Rf8 34. Qe4 Qxe4 35. Nxe4 Bg5 36. b4 Rf7 
37. Kd1 Kc7 38. Ke2 Nd8 39. Rh5 Kd7 1-0

[Event "AUT_chT 2012/13"]
[Site "Hohenems"]
[Date "2013.01.19"]
[Round "6"]
[Board "6"]
[White "Schmidlechner, Alexander"]
[Black "Wagner, Stefan"]
[Result "0-1"]
[WhiteElo "2304"]
[BlackElo "2178"]
[PlyCount "112"]
[EventDate "2012.11.02"]
[EventType "team"]
[EventRounds "11"]
[EventCountry "AUT"]
[WhiteTeam "SK Absam"]
[BlackTeam "SK Zwettl"]

1. d4 Nf6 2. c4 e6 3. Nf3 d5 4. Bg5 Be7 5. e3 O-O 6. Nc3 c6 
7. Qc2 Nbd7 8. Rd1 Re8 9. Bd3 dxc4 10. Bxc4 Nd5 11. Bxe7 Qxe7 12. O-O Nxc3 
13. Qxc3 b6 14. Ne5 Bb7 15. Nxd7 Qxd7 16. b4 Qe7 17. Rb1 e5 18. dxe5 Qxe5 
19. Qxe5 Rxe5 20. Rfd1 Re7 21. Be2 Kf8 22. Bf3 Rc7 23. h3 Ke7 24. Kf1 Rd8 
25. Ke1 Rxd1+ 26. Kxd1 Bc8 27. Rc1 Kd6 28. Kc2 c5 29. Rd1+ Ke7 30. bxc5 Rxc5+ 
31. Kb2 Be6 32. Be2 Bxa2 33. Ra1 Bd5 34. Rxa7+ Kd6 35. f3 Ra5 36. Rxa5 bxa5 
37. Bd3 h6 38. Ka3 Bc6 39. Bc4 f6 40. Bb3 g5 41. Bc4 h5 42. Kb2 Kc5 
43. Kc3 h4 44. Bd3 Bd5 45. Ba6 Ba2 46. Bd3 Be6 47. Ba6 Bd7 48. Bd3 Bc6 
49. Ba6 Bb5 50. Bxb5 Kxb5 51. Kb3 a4+ 52. Kc3 Kc5 53. Kd3 Kb4 54. Kc2 a3 
55. f4 gxf4 56. exf4 f5 0-1

[Event "AUT_chT 2012/13"]
[Site "Hohenems"]
[Date "2013.01.19"]
[Round "6"]
[Board "3"]
[White "Rogic, Davor"]
[Black "Schlosser, Philipp"]
[Result "1/2-1/2"]
[WhiteElo "2572"]
[BlackElo "2579"]
[PlyCount "60"]
[EventDate "2012.11.02"]
[EventType "team"]
[EventRounds "11"]
[EventCountry "AUT"]
[WhiteTeam "ASVOE Fundermax St.Veit"]
[BlackTeam "SK Sparkasse Jenbach"]

1. e4 e5 2. Nf3 Nc6 3. Nc3 Nf6 4. Bb5 Bb4 5. O-O O-O 6. Bxc6 dxc6 
7. Nxe5 Re8 8. Nd3 Bxc3 9. dxc3 Nxe4 10. Bf4 Bf5 11. Re1 Nd6 12. Qf3 Bxd3 
13. Qxd3 Qf6 14. Bg3 Re6 15. Rxe6 Qxe6 16. f3 Re8 17. b3 c5 18. Rd1 h6 
19. Re1 Qc8 20. Rxe8+ Qxe8 21. Kf2 Qe6 22. Bxd6 cxd6 23. c4 Kf8 24. a4 Qe5 
25. h3 b6 26. Qe3 Ke7 27. f4 Qxe3+ 28. Kxe3 Ke6 29. Ke4 f5+ 30. Ke3 Kf6 
1/2-1/2

[Event "AUT_chT 2012/13"]
[Site "Hohenems"]
[Date "2013.01.20"]
[Round "7"]
[Board "2"]
[White "Socko, Bartosz"]
[Black "Bauer, Christian"]
[Result "1-0"]
[WhiteElo "2633"]
[BlackElo "2633"]
[PlyCount "95"]
[EventDate "2012.11.02"]
[EventType "team"]
[EventRounds "11"]
[EventCountry "AUT"]
[WhiteTeam "SK Advisory Invest Baden"]
[BlackTeam "SK Sparkasse Jenbach"]

1. e4 Nc6 2. Nf3 d6 3. d4 Nf6 4. Nc3 g6 5. d5 Nb8 6. Be2 Bg7 
7. O-O O-O 8. h3 c6 9. Re1 a6 10. a4 a5 11. Bg5 Nbd7 12. Qd2 Re8 
13. Rad1 Qb6 14. b3 Qb4 15. Nd4 e5 16. dxc6 exd4 17. cxd7 Bxd7 18. Bxf6 dxc3 
19. Qxd6 Qxd6 20. Rxd6 Bxf6 21. Rxf6 Rxe4 22. Rd1 Bxh3 23. Bd3 Re6 24. Rf4 Bf5 
25. Bxf5 gxf5 26. Rxf5 Rae8 27. Rd3 Rc6 28. Rd7 Re1+ 29. Kh2 Rh6+ 30. Kg3 Rc1 
31. Rfxf7 Rg6+ 32. Kf3 Rxc2 33. Rxb7 Rd2 34. Rfc7 Rf6+ 35. Ke4 Rfxf2 36. Rxc3 Rfe2+ 
37. Kf4 Rf2+ 38. Ke5 Rfe2+ 39. Kf6 Rf2+ 40. Rf3 Rd6+ 41. Ke5 Rfd2 42. Rg3+ Kf8 
43. Rc3 Rd8 44. Rxh7 Kg8 45. Rhc7 Re2+ 46. Kf4 Rxg2 47. Rc8 Rgd2 48. R8c5 1-0